[Event "IECC M-5429"]
[Site "IECC email"]
[Date "2006.02.17"]
[Round "?"]
[White "Arnaud, Mike"]
[Black "Vasquez, Felipe"]
[Result "1/2-1/2"]
[WhiteElo "1322"]
[BlackElo "1367"]
[PlyCount "48"]
[EventDate "2006.??.??"]
[EventType "tourn (corr)"]
[EventRounds "10"]
[SourceTitle "Corr 2020"]
[Source "ChessBase"]
[SourceDate "2019.09.30"]
[SourceVersion "1"]
[SourceVersionDate "2019.09.30"]
[SourceQuality "1"]
[WhiteTeam "United States"]
[BlackTeam "Peru"]
[WhiteTeamCountry "USA"]
[BlackTeamCountry "PER"]

1. d4 Nf6 2. Bf4 g6 3. e3 Bg7 4. Nd2 0-0 5. Ngf3 d6 6. Be2 Nbd7 7. 0-0 b6 8. c3 Bb7 9. h4 c5 10. Ng5 h6 11. Nh3 cxd4 12. cxd4 e5 13. Bh2 Qe7 14. Bf3 Bxf3 15. Nxf3 Ng4 16. Bg3 Ndf6 17. dxe5 dxe5 18. Nh2 Nxh2 19. Kxh2 Rad8 20. Qa4 Rd2 21. b3 Rfd8 22. Ng1 e4 23. Rac1 Ng4+ 24. Kh1 f5 1/2-1/2

[Event "IECC M-5429"]
[Site "IECC email"]
[Date "2006.02.17"]
[Round "?"]
[White "Vasquez, Felipe"]
[Black "Arnaud, Mike"]
[Result "1-0"]
[WhiteElo "1352"]
[BlackElo "1337"]
[PlyCount "43"]
[EventDate "2006.??.??"]
[EventType "tourn (corr)"]
[EventRounds "10"]
[SourceTitle "Corr 2020"]
[Source "ChessBase"]
[SourceDate "2019.09.30"]
[SourceVersion "1"]
[SourceVersionDate "2019.09.30"]
[SourceQuality "1"]
[WhiteTeam "Peru"]
[BlackTeam "United States"]
[WhiteTeamCountry "PER"]
[BlackTeamCountry "USA"]

1. e4 e6 2. d4 d5 3. Nc3 Bb4 4. e5 c5 5. a3 Bxc3+ 6. bxc3 cxd4 7. cxd4 Nc6 8. Nf3 Qb6 9. Bd3 Bd7 10. 0-0 Nxd4 11. Be3 Nxf3+ 12. Qxf3 Qc7 13. Qg4 g6 14. Rab1 b6 15. c4 Ne7 16. Rfc1 Nc6 17. cxd5 exd5 18. Qh4 0-0 19. Bf4 Be6 20. Bb5 Rac8 21. Rxc6 Qd8 22. Bg5 1-0

[Event "IECG QN.2006.0.00384 email"]
[Site "IECG email"]
[Date "2006.02.02"]
[Round "?"]
[White "Arnaud, Mike"]
[Black "D'Emilia, Jack"]
[Result "1-0"]
[WhiteElo "869"]
[BlackElo "800"]
[PlyCount "63"]
[EventDate "2006.02.02"]
[EventType "tourn (corr)"]
[EventRounds "6"]
[SourceTitle "Corr 2008"]
[Source "ChessBase"]
[SourceDate "2008.06.24"]
[SourceVersion "1"]
[SourceVersionDate "2008.06.24"]
[SourceQuality "1"]

1. e4 e5 2. Bc4 Nf6 3. d4 Nc6 4. Nf3 Nxe4 5. dxe5 Bc5 6. Bxf7+ Kf8 7. Bb3 Ne7 8. Nd4 d5 9. 0-0 Bxd4 10. Qxd4 Bf5 11. f3 c5 12. Qe3 d4 13. Qe1 c4 14. fxe4 cxb3 15. axb3 d3 16. c3 Qb6+ 17. Kh1 Qxb3 18. exf5 Nc6 19. f6 g6 20. e6 a5 21. Bh6+ Ke8 22. f7+ Ke7 23. Bg7 Qxe6 24. Qxe6+ Kxe6 25. Bxh8 Rxh8 26. f8Q Rxf8 27. Rxf8 b6 28. Nd2 Kd6 29. Re1 b5 30. Rf6+ Kc5 31. Rxc6+ Kxc6 32. Re3 1-0

[Event "IECG QN.2005.0.00369"]
[Site "IECG email"]
[Date "2005.09.15"]
[Round "?"]
[White "Arnaud, Mike"]
[Black "Eximeno, Santiago"]
[Result "1/2-1/2"]
[WhiteElo "860"]
[BlackElo "955"]
[PlyCount "58"]
[EventDate "2005.09.15"]
[EventType "tourn (corr)"]
[EventRounds "6"]
[SourceTitle "Corr 2008"]
[Source "ChessBase"]
[SourceDate "2008.06.24"]
[SourceVersion "1"]
[SourceVersionDate "2008.06.24"]
[SourceQuality "1"]

1. e4 e5 2. Bc4 Nf6 3. d4 d5 4. exd5 exd4 5. Qxd4 Be7 6. Nc3 Nc6 7. Qd2 Ne5 8. Bb5+ Bd7 9. Qe2 a6 10. Qxe5 axb5 11. Nxb5 Bxb5 12. d6 c6 13. Qxe7+ Qxe7+ 14. dxe7 Kxe7 15. b3 c5 16. c4 Bc6 17. Nf3 Rhe8 18. Be3 Kf8 19. 0-0-0 b6 20. Kb2 Ng4 21. Rd2 Nxe3 22. fxe3 Bxf3 23. gxf3 Rxe3 24. Rf1 Rae8 25. Rff2 R8e6 26. Ka3 Ke7 27. Ka4 h6 28. f4 f5 29. Rd5 g6 1/2-1/2

[Event "IECG QN.2005.0.00369"]
[Site "IECG email"]
[Date "2005.09.15"]
[Round "?"]
[White "Melloni, Eduardo Carlos"]
[Black "Arnaud, Mike"]
[Result "1-0"]
[WhiteElo "800"]
[BlackElo "860"]
[PlyCount "65"]
[EventDate "2005.09.15"]
[EventType "tourn (corr)"]
[EventRounds "6"]
[SourceTitle "Corr 2008"]
[Source "ChessBase"]
[SourceDate "2008.06.24"]
[SourceVersion "1"]
[SourceVersionDate "2008.06.24"]
[SourceQuality "1"]

1. d4 e6 2. e3 f5 3. Be2 Nf6 4. Nf3 d6 5. 0-0 Nc6 6. c4 Ne7 7. b3 Ng6 8. d5 e5 9. Ng5 Nxd5 10. Nxh7 Nxe3 11. Bxe3 Rxh7 12. Bh5 Qf6 13. Nc3 c6 14. Re1 Kf7 15. Qf3 f4 16. Bd2 Qh4 17. Bxg6+ Kxg6 18. h3 Bg4 19. Qxg4+ Qxg4 20. hxg4 Be7 21. Rad1 Rah8 22. Kf1 Rh4 23. f3 Rh1+ 24. Ke2 R1h2 25. Rg1 d5 26. cxd5 Bc5 27. Rge1 Rxg2+ 28. Kd3 Bd4 29. d6 Rd8 30. Ne4 Rd7 31. a4 b6 32. Rh1 Kf7 33. Bxf4 1-0

[Event "IECG QN.2003.0.00261 email "]
[Site "IECG email"]
[Date "2003.02.12"]
[Round "?"]
[White "Konuhov, Kostya"]
[Black "Arnaud, Mike"]
[Result "1/2-1/2"]
[WhiteElo "800"]
[BlackElo "912"]
[PlyCount "49"]
[EventDate "2003.02.12"]
[EventType "tourn (corr)"]
[EventRounds "6"]
[SourceTitle "Corr 2008"]
[Source "ChessBase"]
[SourceDate "2008.06.24"]
[SourceVersion "1"]
[SourceVersionDate "2008.06.24"]
[SourceQuality "1"]

1. e4 e5 2. Nf3 Nc6 3. Bb5 a6 4. Bxc6 dxc6 5. b3 Nf6 6. d3 Bd6 7. Nbd2 0-0 8. 0-0 Bg4 9. Nc4 Re8 10. Qe1 Bxf3 11. gxf3 Nh5 12. Kg2 Re6 13. Rg1 Qh4 14. Be3 Nf4+ 15. Bxf4 exf4 16. Kh1 Rh6 17. Rg2 Bc5 18. Qc3 g6 19. Qe5 Bxf2 20. Qxc7 Bg3 21. Ne5 Bxh2 22. Qxf7+ Kh8 23. Rg4 Qh3 24. Qf6+ Kg8 25. Qe6+ 1/2-1/2

[Event "IECG CF.2001.0.00001 email"]
[Site "IECG email"]
[Date "2001.04.23"]
[Round "?"]
[White "Arnaud, Mike"]
[Black "Muth, Jens Joachim"]
[Result "0-1"]
[WhiteElo "898"]
[BlackElo "1048"]
[PlyCount "80"]
[EventDate "2001.04.23"]
[EventType "tourn (corr)"]
[EventRounds "6"]
[SourceTitle "Corr 2008"]
[Source "ChessBase"]
[SourceDate "2008.06.24"]
[SourceVersion "1"]
[SourceVersionDate "2008.06.24"]
[SourceQuality "1"]

1. d4 Nf6 2. c4 Nc6 3. Nc3 e5 4. d5 Nb8 5. e4 Bb4 6. Bg5 Bxc3+ 7. bxc3 d6 8. f3 h6 9. Be3 Nfd7 10. Ne2 0-0 11. Ng3 Na6 12. Be2 Nb6 13. Rb1 Nc5 14. Qd2 Bd7 15. 0-0 Qe7 16. f4 exf4 17. Bxf4 Nxe4 18. Nxe4 Qxe4 19. Bd3 Qe7 20. Rbe1 Qh4 21. Bg3 Qd8 22. Bf4 f5 23. Be3 Re8 24. Qf2 Qf6 25. Bd4 Qg5 26. Be3 Qg6 27. Qf4 c5 28. Rf3 Qf6 29. Rc1 Re7 30. Rg3 Kh8 31. Bd2 g5 32. Qf2 f4 33. Bf1 Rf8 34. Rf3 Bg4 35. Re1 Nd7 36. Rxe7 Qxe7 37. Rd3 Ne5 38. Qe1 Re8 39. Qe4 Qf7 40. Kh1 Bf5 0-1

[Event "IECG CF.2001.0.00001 email"]
[Site "IECG email"]
[Date "2001.04.23"]
[Round "?"]
[White "Sturdivant, Al"]
[Black "Arnaud, Mike"]
[Result "1-0"]
[WhiteElo "1021"]
[BlackElo "898"]
[PlyCount "21"]
[EventDate "2001.04.23"]
[EventType "tourn (corr)"]
[EventRounds "6"]
[SourceTitle "Corr 2008"]
[Source "ChessBase"]
[SourceDate "2008.06.24"]
[SourceVersion "1"]
[SourceVersionDate "2008.06.24"]
[SourceQuality "1"]

1. e4 e5 2. Nf3 Nf6 3. Nxe5 Qe7 4. Nf3 Qxe4+ 5. Be2 Bc5 6. 0-0 Nc6 7. Nc3 Qf5 8. d4 Be7 9. Nb5 Bd6 10. Bd3 Ne4 11. Nxd6+ 1-0

[Event "IECG CN.2001.0.00239"]
[Site "IECG email"]
[Date "2001.03.15"]
[Round "?"]
[White "Arnaud, Mike"]
[Black "Millan, Felix"]
[Result "1-0"]
[WhiteElo "898"]
[BlackElo "800"]
[PlyCount "33"]
[EventDate "2001.03.15"]
[EventType "tourn (corr)"]
[EventRounds "6"]
[SourceTitle "Corr 2008"]
[Source "ChessBase"]
[SourceDate "2008.06.24"]
[SourceVersion "1"]
[SourceVersionDate "2008.06.24"]
[SourceQuality "1"]

1. d4 d5 2. c4 dxc4 3. Nf3 Nf6 4. e3 e6 5. Bxc4 c6 6. 0-0 b5 7. Bb3 Bd6 8. Nc3 Qc7 9. e4 b4 10. e5 bxc3 11. exd6 Qxd6 12. bxc3 0-0 13. a4 c5 14. Ba3 Ne4 15. Bc2 Nxc3 16. Qd3 cxd4 17. Qxh7# 1-0

[Event "IECG CN.2000.0.00221"]
[Site "IECG email"]
[Date "2000.11.16"]
[Round "?"]
[White "Arnaud, Mike"]
[Black "Van Erps, Gert"]
[Result "1-0"]
[WhiteElo "950"]
[BlackElo "850"]
[PlyCount "35"]
[EventDate "2000.11.16"]
[EventType "tourn (corr)"]
[EventRounds "6"]
[SourceTitle "Corr 2008"]
[Source "ChessBase"]
[SourceDate "2008.06.24"]
[SourceVersion "1"]
[SourceVersionDate "2008.06.24"]
[SourceQuality "1"]

1. e4 e5 2. Nf3 Nc6 3. Bc4 Bc5 4. c3 Nf6 5. d4 exd4 6. cxd4 Bb4+ 7. Nc3 Nxe4 8. 0-0 Nxc3 9. Re1+ Kf8 10. Qc2 Nb5 11. Bxb5 Nxd4 12. Nxd4 Bxe1 13. Bf4 c6 14. Bd6+ Kg8 15. Bc4 Ba5 16. Nf5 b5 17. Ne7+ Kf8 18. Nxc6+ 1-0

[Event "IECG CN.2000.0.00221"]
[Site "IECG email"]
[Date "2000.11.16"]
[Round "?"]
[White "Cayer, Jean"]
[Black "Arnaud, Mike"]
[Result "1-0"]
[WhiteElo "704"]
[BlackElo "950"]
[PlyCount "41"]
[EventDate "2000.11.16"]
[EventType "tourn (corr)"]
[EventRounds "6"]
[SourceTitle "Corr 2008"]
[Source "ChessBase"]
[SourceDate "2008.06.24"]
[SourceVersion "1"]
[SourceVersionDate "2008.06.24"]
[SourceQuality "1"]

1. e4 e5 2. Nf3 Nc6 3. Bc4 Nf6 4. Ng5 d5 5. exd5 Nxd5 6. Nxf7 Kxf7 7. Qf3+ Ke6 8. Nc3 Ncb4 9. Qe4 c6 10. d4 Bd6 11. 0-0 b5 12. Qg4+ Kf7 13. Qh5+ g6 14. Qf3+ Ke6 15. Bb3 Rf8 16. Qh3+ Kf7 17. Qxh7+ Kf6 18. Ne4+ Kf5 19. Qh3+ Kxe4 20. Re1+ Kxd4 21. Be3+ 1-0

[Event "IECG CN.2000.0.00221"]
[Site "IECG email"]
[Date "2000.11.16"]
[Round "?"]
[White "Venturas, Bob"]
[Black "Arnaud, Mike"]
[Result "0-1"]
[WhiteElo "600"]
[BlackElo "950"]
[PlyCount "58"]
[EventDate "2000.11.16"]
[EventType "tourn (corr)"]
[EventRounds "6"]
[SourceTitle "Corr 2008"]
[Source "ChessBase"]
[SourceDate "2008.06.24"]
[SourceVersion "1"]
[SourceVersionDate "2008.06.24"]
[SourceQuality "1"]

1. e4 e5 2. Nf3 Nc6 3. Bb5 a6 4. Bxc6 dxc6 5. Nc3 Nf6 6. d3 Nd7 7. a3 Bc5 8. Bg5 f6 9. Bh4 0-0 10. Ne2 Re8 11. g4 g5 12. Bg3 Nf8 13. h3 Ng6 14. Qd2 Kg7 15. Nh2 Be6 16. Ng1 Qe7 17. Ngf3 Red8 18. h4 h6 19. hxg5 hxg5 20. Qe2 Rh8 21. 0-0-0 Rad8 22. Qf1 b5 23. Nd2 Bxa3 24. Nhf3 Qb4 25. Nb3 Rxh1 26. Qxh1 Bxb3 27. c3 Qxc3+ 28. Kb1 Qc2+ 29. Ka1 Qxb2# 0-1

[Event "IECG QN.2000.0.00141"]
[Site "IECG email"]
[Date "2000.09.17"]
[Round "?"]
[White "Arnaud, Mike"]
[Black "Kelchak, Joe"]
[Result "1-0"]
[WhiteElo "991"]
[BlackElo "403"]
[PlyCount "55"]
[EventDate "2000.09.17"]
[EventType "tourn (corr)"]
[EventRounds "6"]
[SourceTitle "Corr 2008"]
[Source "ChessBase"]
[SourceDate "2008.06.24"]
[SourceVersion "1"]
[SourceVersionDate "2008.06.24"]
[SourceQuality "1"]

1. e4 e5 2. Nf3 Nf6 3. Nxe5 d6 4. Nf3 d5 5. e5 Ne4 6. d3 Nd6 7. exd6 Bxd6 8. d4 Nc6 9. Bb5 Qe7+ 10. Be3 Bg4 11. Nc3 0-0 12. Nxd5 Qe4 13. Bxc6 bxc6 14. Nc3 Qf5 15. h3 Bxf3 16. gxf3 Rfe8 17. Rg1 Bf4 18. Qd2 Bxe3 19. fxe3 Rad8 20. 0-0-0 Qxh3 21. Rdf1 Re6 22. Ne4 h6 23. Rg3 Qf5 24. Rfg1 g6 25. Rh1 h5 26. Nc5 Re7 27. f4 Rxd4 28. Qxd4 1-0

[Event "IECG QN.2000.0.00141"]
[Site "IECG email"]
[Date "2000.09.17"]
[Round "?"]
[White "Arnaud, Mike"]
[Black "Venturas, Bob"]
[Result "1-0"]
[WhiteElo "991"]
[BlackElo "561"]
[PlyCount "67"]
[EventDate "2000.09.17"]
[EventType "tourn (corr)"]
[EventRounds "6"]
[SourceTitle "Corr 2008"]
[Source "ChessBase"]
[SourceDate "2008.06.24"]
[SourceVersion "1"]
[SourceVersionDate "2008.06.24"]
[SourceQuality "1"]

1. e4 e5 2. Nf3 Nf6 3. Nxe5 Bc5 4. d4 Qe7 5. Nc3 Bb4 6. Qf3 d6 7. Nxf7 Qxf7 8. Bd2 Bg4 9. Qd3 a6 10. f3 Bh5 11. 0-0-0 Bxc3 12. Bxc3 Bg6 13. b3 Nbd7 14. Kb1 d5 15. Re1 0-0 16. Qd2 dxe4 17. Bc4 Nd5 18. Rxe4 Bxe4 19. fxe4 Kh8 20. Bxd5 Qg6 21. Bxb7 Rae8 22. e5 Rd8 23. Qe2 Nb8 24. Bb4 Rf7 25. e6 Rf6 26. d5 Re8 27. Bc3 Rf5 28. d6 Rxe6 29. dxc7 Rf8 30. Rf1 Rxf1+ 31. Qxf1 Qe8 32. c8Q Qxc8 33. Bxc8 Re8 34. Qf7 1-0

[Event "IECG QN.2000.0.00141"]
[Site "IECG email"]
[Date "2000.09.17"]
[Round "?"]
[White "Venturas, Bob"]
[Black "Arnaud, Mike"]
[Result "1-0"]
[WhiteElo "561"]
[BlackElo "991"]
[PlyCount "55"]
[EventDate "2000.09.17"]
[EventType "tourn (corr)"]
[EventRounds "6"]
[SourceTitle "Corr 2008"]
[Source "ChessBase"]
[SourceDate "2008.06.24"]
[SourceVersion "1"]
[SourceVersionDate "2008.06.24"]
[SourceQuality "1"]

1. e4 e5 2. Nf3 Nc6 3. Bb5 a6 4. Bxc6 bxc6 5. Nc3 Nf6 6. Nxe5 Qe7 7. d4 c5 8. Bg5 h6 9. Bh4 g5 10. Bg3 Bb7 11. d5 Bg7 12. Qf3 0-0 13. Nd3 Nxd5 14. e5 Qe6 15. Nxc5 Qc6 16. N3a4 Bc8 17. c4 Nb4 18. 0-0 Qxf3 19. gxf3 f6 20. a3 Nc6 21. exf6 Rxf6 22. Bxc7 Rxf3 23. Rae1 Bf8 24. Re8 Kf7 25. Rfe1 Bb7 26. Rxa8 Bxa8 27. Nxd7 Nd4 28. Ne5+ 1-0

[Event "IECC M email"]
[Site "IECC email"]
[Date "2000.04.22"]
[Round "?"]
[White "Arnaud, Mike"]
[Black "Neet, Jon"]
[Result "0-1"]
[WhiteElo "1327"]
[BlackElo "1506"]
[PlyCount "26"]
[EventDate "2000.??.??"]
[EventType "tourn (corr)"]
[EventRounds "2"]
[SourceTitle "Corr 2008"]
[Source "ChessBase"]
[SourceDate "2008.06.24"]
[SourceVersion "1"]
[SourceVersionDate "2008.06.24"]
[SourceQuality "1"]

1. e4 e6 2. d4 d5 3. Nc3 Nf6 4. e5 Nfd7 5. f4 c5 6. dxc5 Bxc5 7. Nf3 Nc6 8. Be2 a6 9. Ng5 Be7 10. Nxe6 fxe6 11. Bh5+ g6 12. 0-0 Qb6+ 13. Rf2 Bc5 0-1

[Event "IECG QN.2000.0.00107"]
[Site "IECG email"]
[Date "2000.03.31"]
[Round "?"]
[White "Arnaud, Mike"]
[Black "Egan, Michael"]
[Result "1-0"]
[WhiteElo "998"]
[BlackElo "800"]
[PlyCount "45"]
[EventDate "2000.03.31"]
[EventType "tourn (corr)"]
[EventRounds "6"]
[SourceTitle "Corr 2008"]
[Source "ChessBase"]
[SourceDate "2008.06.24"]
[SourceVersion "1"]
[SourceVersionDate "2008.06.24"]
[SourceQuality "1"]

1. d4 d5 2. c4 c6 3. Nf3 f6 4. Nc3 e6 5. cxd5 exd5 6. Bf4 Bd6 7. Bxd6 Qxd6 8. Rc1 Qb4 9. b3 Nh6 10. e3 0-0 11. Bd3 Re8 12. 0-0 Qd6 13. e4 g5 14. e5 fxe5 15. dxe5 Rxe5 16. Nxe5 Qxe5 17. Re1 Qc7 18. Re8+ Kg7 19. Nxd5 Qd6 20. Re7+ Nf7 21. Qh5 Qxd5 22. Rc5 Bg4 23. Qxh7+ 1-0

[Event "IECC Trio 756 email"]
[Site "IECC email"]
[Date "1999.06.11"]
[Round "?"]
[White "Johnson, Bernard S"]
[Black "Arnaud, Mike"]
[Result "1-0"]
[WhiteElo "1511"]
[BlackElo "1316"]
[PlyCount "33"]
[EventDate "1999.??.??"]
[EventType "tourn (corr)"]
[EventRounds "4"]
[SourceTitle "Corr 2008"]
[Source "ChessBase"]
[SourceDate "2008.06.24"]
[SourceVersion "1"]
[SourceVersionDate "2008.06.24"]
[SourceQuality "1"]

1. e4 e5 2. Nf3 Nc6 3. Nc3 Nf6 4. Bc4 Bb4 5. a3 Bxc3 6. bxc3 Nxe4 7. d3 Nxc3 8. Qd2 Na4 9. Bb5 Nb6 10. Qe2 f6 11. c4 a6 12. Bxc6 dxc6 13. c5 Nd5 14. Qe4 b6 15. cxb6 cxb6 16. d4 Nc3 17. Qxc6+ 1-0

[Event "IECC Trio 731 email"]
[Site "IECC email"]
[Date "1999.04.18"]
[Round "?"]
[White "Arnaud, Mike"]
[Black "Bass, Stanley"]
[Result "0-1"]
[WhiteElo "1332"]
[BlackElo "1514"]
[PlyCount "28"]
[EventDate "1999.??.??"]
[EventType "tourn (corr)"]
[EventRounds "4"]
[SourceTitle "Corr 2008"]
[Source "ChessBase"]
[SourceDate "2008.06.24"]
[SourceVersion "1"]
[SourceVersionDate "2008.06.24"]
[SourceQuality "1"]

1. e4 c5 2. Bc4 e6 3. Nc3 Nc6 4. Nf3 Nf6 5. Qe2 d6 6. 0-0 Bd7 7. Rd1 Qb6 8. d3 Nd4 9. Nxd4 cxd4 10. Nb1 Ba4 11. Nd2 Bxc2 12. Rf1 Rc8 13. b3 Qb4 14. Nf3 Rxc4 0-1

[Event "IECC Trio 648 email"]
[Site "IECC email"]
[Date "1998.11.26"]
[Round "?"]
[White "Arnaud, Mike"]
[Black "Fantoni, Franco"]
[Result "0-1"]
[WhiteElo "1350"]
[BlackElo "1255"]
[PlyCount "44"]
[EventDate "1998.??.??"]
[EventType "tourn (corr)"]
[EventRounds "4"]
[SourceTitle "Corr 2008"]
[Source "ChessBase"]
[SourceDate "2008.06.24"]
[SourceVersion "1"]
[SourceVersionDate "2008.06.24"]
[SourceQuality "1"]

1. d4 d5 2. c4 dxc4 3. Nf3 b5 4. e4 Nf6 5. Nc3 c6 6. Ne5 Ba6 7. f3 e6 8. Bg5 Bb7 9. Be2 Nbd7 10. f4 h6 11. Bh4 b4 12. Na4 g5 13. fxg5 hxg5 14. Bxg5 Nxe5 15. Bxf6 Qxf6 16. dxe5 Qh4+ 17. Kf1 Qxe4 18. Rc1 Rd8 19. Qe1 Qxe5 20. Rxc4 Ba6 21. Rc1 Bxe2+ 22. Qxe2 Qf4+ 0-1